Bridge Engineering / (Record no. 149328)

MARC details
000 -LEADER
fixed length control field 00618nam a22001937a 4500
005 - DATE AND TIME OF LATEST TRANSACTION
control field 20180119114139.0
010 ## - LCCN (DPL NO)
LC control number ENG-122126
020 ## - INTERNATIONAL STANDARD BOOK NUMBER
International Standard Book Number 9789339221072
Terms of availability 1075.00
035 ## - SYSTEM CONTROL NUMBER
System control number EN-105658
037 ## - SOURCE OF ACQUISITION
Source of stock number/acquisition DBAD/PUB
082 ## - DEWEY DECIMAL CLASSIFICATION NUMBER
Classification number 624.2
100 ## - MAIN ENTRY--PERSONAL NAME
Personal name Ponnuswamy, S
245 ## - TITLE STATEMENT
Title Bridge Engineering /
Statement of responsibility, etc by S ponnuswamy
260 ## - PUBLICATION, DISTRIBUTION, ETC. (IMPRINT)
Place of publication, distribution, etc Chennai
Name of publisher, distributor, etc Mc Graw Hill Education (India)
Date of publication, distribution, etc c2017
270 ## - ADDRESS
Address 444/1,Sri Ekambara Naicker Industrial Estate,Alapakkam,Porur,Tamil Nadu,India.
City Chennai
Postal code 600116
300 ## - PHYSICAL DESCRIPTION
Extent xxxi, 889p.
Dimensions 26cm(Hb)
Other physical details ill.
500 ## - GENERAL NOTE
General note includes index
942 ## - ADDED ENTRY ELEMENTS (KOHA)
Source of classification or shelving scheme Dewey Decimal Classification
Item type English Books
Classification part 624.2
Call number suffix PONB
Holdings
Withdrawn status Lost status Not for loan Collection code Home library Current library Date acquired Source of acquisition Cost, normal purchase price Full call number Barcode Copy number Cost, replacement price Koha item type
    Not For Loan Non-fiction D.B.Act.Division Bawana 19/01/2018 DBAD/PUB 1075.00 624.2 PONB EN-105658 1 1075.00 English Books

© Delhi Public Library
Hit Counter
free hit counter